[Event "Icelandic Team Championship 2021"]
[Site "Reykjavik"]
[Date "2021.10.03"]
[Round "5.17"]
[White "Steingrimsson, Hedinn"]
[Black "Kjartansson, Gudmundur"]
[Result "1-0"]
[WhiteElo "2519"]
[BlackElo "2447"]

1. d4 {[%clk 01:30:59]} {[%emt 00:00:02]} d5 {[%clk 01:30:48]} {[%emt
00:00:12]} 2. c4 {[%clk 01:31:27]} {[%emt 00:00:02]} e6 {[%emt 00:01:54]} 3.
Nf3 {[%emt 00:00:29]} Nf6 {[%emt 00:00:18]} 4. Nc3 {[%emt 00:00:28]} Nbd7
{[%emt 00:02:41]} 5. Bf4 {[%emt 00:03:07]} dxc4 {[%emt 00:00:12]} 6. e3 {[%emt
00:00:58]} Nd5 {[%emt 00:00:11]} 7. Bxc4 {[%emt 00:00:28]} Nxf4 {[%clk
01:27:58]} 8. exf4 {[%emt 00:05:24]} Be7 {[%emt 00:02:26]} 9. O-O {[%emt
00:01:06]} O-O {[%emt 00:04:39]} 10. Qe2 {[%emt 00:06:59]} Nb6 {[%clk
01:14:12]} {[%emt 00:02:37]} 11. Bb3 {[%clk 01:21:18]} {[%emt 00:01:47]} Bd7
{[%clk 01:12:38]} {[%emt 00:02:04]} 12. Ne5 {[%clk 01:19:11]} {[%emt 00:02:36]}
Be8 {[%clk 01:11:20]} {[%emt 00:01:48]} 13. Qe4 {[%clk 01:17:19]} {[%emt
00:02:22]} c6 {[%clk 01:10:57]} {[%emt 00:00:53]} 14. Rad1 {[%clk 01:17:44]}
{[%emt 00:00:05]} g6 {[%clk 01:03:37]} {[%emt 00:07:51]} 15. Rd3 {[%clk
01:16:52]} {[%emt 00:01:22]} Nd5 {[%clk 00:57:40]} {[%emt 00:06:26]} 16. Rfd1
{[%clk 01:15:22]} {[%emt 00:02:01]} Bf6 {[%clk 00:54:53]} {[%emt 00:03:16]} 17.
g3 {[%clk 01:02:10]} {[%emt 00:13:41]} Bg7 {[%clk 00:54:38]} {[%emt 00:00:46]}
18. h4 {[%clk 01:02:38]} {[%emt 00:00:03]} f6 {[%clk 00:49:52]} {[%emt
00:05:15]} 19. Nf3 {[%clk 00:56:59]} {[%emt 00:06:08]} Bf7 {[%clk 00:50:16]}
{[%emt 00:00:06]} 20. R3d2 {[%clk 00:53:06]} {[%emt 00:04:23]} Qa5 {[%clk
00:47:01]} {[%emt 00:03:44]} 21. Qc2 {[%clk 00:52:08]} {[%emt 00:01:28]} Nb4
{[%clk 00:39:31]} {[%emt 00:08:01]} 22. Qb1 {[%clk 00:48:37]} {[%emt 00:04:00]}
Qh5 {[%clk 00:37:35]} {[%emt 00:02:26]} 23. Bc4 {[%clk 00:43:18]} {[%emt
00:05:50]} Qa5 {[%clk 00:27:20]} {[%emt 00:10:44]} 24. Ne4 {[%clk 00:41:01]}
{[%emt 00:02:47]} Qc7 {[%clk 00:27:29]} {[%emt 00:00:22]} 25. Bf1 {[%clk
00:39:32]} {[%emt 00:01:59]} Rad8 {[%clk 00:22:20]} {[%emt 00:05:39]} 26. Bh3
{[%clk 00:36:54]} {[%emt 00:03:07]} Rfe8 {[%clk 00:21:49]} {[%emt 00:01:02]} 27.
Re1 {[%clk 00:35:45]} {[%emt 00:01:40]} e5 {[%clk 00:19:19]} {[%emt 00:03:00]}
28. a3 {[%clk 00:32:19]} {[%emt 00:03:56]} f5 {[%clk 00:10:47]} {[%emt
00:09:02]} 29. Neg5 {[%clk 00:28:48]} {[%emt 00:04:00]} e4 {[%clk 00:10:35]}
{[%emt 00:00:43]} 30. Nxf7 {[%clk 00:26:07]} {[%emt 00:03:10]} Qxf7 {[%clk
00:09:17]} {[%emt 00:01:47]} 31. Ng5 {[%clk 00:26:20]} {[%emt 00:00:18]} Qb3
{[%clk 00:05:43]} {[%emt 00:04:04]} 32. axb4 {[%clk 00:26:45]} {[%emt
00:00:04]} Rxd4 {[%clk 00:01:52]} {[%emt 00:04:21]} 33. Rde2 {[%clk 00:17:22]}
{[%emt 00:09:53]} Rxb4 {[%clk 00:00:39]} {[%emt 00:01:44]} 34. h5 {[%clk
00:12:57]} {[%emt 00:04:55]} h6 {[%clk 00:00:44]} {[%emt 00:00:25]} 35. Nxe4
{[%clk 00:12:14]} {[%emt 00:01:13]} Rbxe4 {[%clk 00:00:42]} {[%emt 00:00:33]}
36. Rxe4 {[%clk 00:12:33]} {[%emt 00:00:10]} Rxe4 {[%clk 00:00:37]} {[%emt
00:00:35]} 37. Rxe4 {[%clk 00:12:43]} {[%emt 00:00:19]} fxe4 {[%clk 00:01:06]}
{[%emt 00:00:01]} 38. Qxe4 {[%clk 00:13:08]} {[%emt 00:00:05]} Qd1+ {[%clk
00:01:17]} {[%emt 00:00:19]} 39. Kg2 {[%clk 00:13:26]} {[%emt 00:00:12]} Kf8
{[%clk 00:00:34]} {[%emt 00:01:13]} 40. Qxg6 {[%clk 00:10:55]} {[%emt
00:03:00]} Qd5+ {[%clk 00:01:03]} {[%emt 00:00:02]} 41. Kh2 {[%clk 00:11:21]}
{[%emt 00:00:03]} Qd4 {[%clk 00:00:52]} {[%emt 00:00:42]} 42. Qf5+ {[%clk
00:11:26]} {[%emt 00:00:25]} Bf6 {[%clk 00:01:12]} {[%emt 00:00:10]} 43. Qc8+
{[%clk 00:11:11]} {[%emt 00:00:44]} Bd8 {[%clk 00:01:29]} {[%emt 00:00:14]} 44.
Bg2 {[%clk 00:11:34]} {[%emt 00:00:07]} Qd1 {[%clk 00:00:45]} {[%emt 00:01:14]}
45. Qf5+ {[%clk 00:11:49]} {[%emt 00:00:15]} Ke7 {[%clk 00:00:48]} {[%emt
00:00:27]} 46. Qh7+ {[%clk 00:11:30]} {[%emt 00:00:48]} Ke8 {[%clk 00:01:12]}
{[%emt 00:00:06]} 47. Qxh6 {[%clk 00:11:47]} {[%emt 00:00:13]} Bb6 {[%clk
00:01:39]} {[%emt 00:00:04]} 48. Qg6+ {[%clk 00:09:45]} {[%emt 00:02:31]} Kd8
{[%clk 00:01:38]} {[%emt 00:00:31]} 49. f3 {[%clk 00:10:05]} {[%emt 00:00:10]}
Bg1+ {[%clk 00:01:06]} {[%emt 00:01:02]} 50. Kh3 {[%clk 00:10:34]} {[%emt
00:00:02]} Qd7+ {[%clk 00:01:17]} {[%emt 00:00:19]} 51. f5 {[%clk 00:11:01]}
{[%emt 00:00:03]} Bd4 {[%clk 00:01:38]} {[%emt 00:00:09]} 52. b3 {[%clk
00:11:28]} {[%emt 00:00:03]} Be5 {[%clk 00:01:05]} {[%emt 00:01:03]} 53. f4
{[%clk 00:11:39]} {[%emt 00:00:19]} Bc3 {[%clk 00:00:43]} {[%emt 00:00:52]} 54.
h6 {[%clk 00:12:06]} {[%emt 00:00:03]} Kc7 {[%clk 00:00:54]} {[%emt 00:00:20]}
55. Bf3 {[%clk 00:11:43]} {[%emt 00:00:53]} Kb6 {[%clk 00:01:09]} {[%emt
00:00:14]} 56. Kg4 {[%clk 00:11:06]} {[%emt 00:01:07]} Bh8 {[%clk 00:00:53]}
{[%emt 00:00:45]} 57. Qe6 {[%clk 00:10:54]} {[%emt 00:00:43]} Qd4 {[%clk
00:00:51]} {[%emt 00:00:33]} 58. Be2 {[%clk 00:11:02]} {[%emt 00:00:22]} Qc3
{[%clk 00:00:58]} {[%emt 00:00:22]} 59. Bc4 {[%clk 00:10:24]} {[%emt 00:01:08]}
Ka5 {[%clk 00:00:36]} {[%emt 00:00:53]} 60. Qe7 {[%clk 00:10:20]} {[%emt
00:00:33]} b5 {[%clk 00:00:33]} {[%emt 00:00:33]} 61. Qxa7+ {[%clk 00:09:16]}
{[%emt 00:01:34]} Kb4 {[%clk 00:01:03]} 62. Qe7+ {[%clk 00:09:41]} {[%emt
00:00:04]} Ka5 {[%clk 00:00:53]} {[%emt 00:00:40]} 63. Bf7 {[%clk 00:09:15]}
{[%emt 00:00:56]} Bd4 {[%clk 00:01:07]} {[%emt 00:00:16]} 64. Qe4 {[%clk
00:09:17]} {[%emt 00:00:27]} c5 {[%clk 00:00:36]} {[%emt 00:01:02]} 65. Qf3
{[%clk 00:09:28]} {[%emt 00:00:19]} Qb2 {[%clk 00:00:39]} {[%emt 00:00:27]} 66.
Kh5 {[%clk 00:09:28]} {[%emt 00:00:30]} Kb4 {[%clk 00:00:35]} {[%emt 00:00:35]}
67. g4 {[%clk 00:08:59]} {[%emt 00:00:58]} Qh2+ {[%clk 00:00:34]} {[%emt
00:00:31]} 68. Kg6 {[%clk 00:09:28]} {[%emt 00:00:01]} Qc2 {[%clk 00:00:36]}
{[%emt 00:00:28]} 69. g5 {[%clk 00:09:32]} {[%emt 00:00:26]} Ka5 {[%clk
00:00:34]} {[%emt 00:00:33]} 70. h7 {[%clk 00:09:45]} {[%emt 00:00:16]} Kb4
{[%clk 00:00:41]} {[%emt 00:00:23]} 71. Be6 {[%clk 00:09:34]} {[%emt 00:00:40]}
Qb1 {[%clk 00:00:53]} {[%emt 00:00:18]} 72. Bd5 {[%clk 00:09:33]} {[%emt
00:00:31]} c4 {[%clk 00:00:50]} {[%emt 00:00:34]} 73. bxc4 {[%clk 00:09:47]}
{[%emt 00:00:15]} bxc4 {[%clk 00:01:17]} {[%emt 00:00:03]} 74. Qe4 {[%clk
00:10:05]} {[%emt 00:00:12]} 1-0

[Event "Icelandic Team Championship 2021"]
[Site "Reykjavik"]
[Date "2021.10.03"]
[Round "5.18"]
[White "Gretarsson, Helgi Ass"]
[Black "Kulaots, Kaido"]
[Result "0-1"]
[WhiteElo "2447"]
[BlackElo "2530"]

1. c4 {[%clk 01:30:58]} {[%emt 00:00:02]} Nf6 {[%clk 01:29:36]} {[%emt
00:01:31]} 2. Nc3 {[%clk 01:31:13]} {[%emt 00:00:08]} e5 {[%clk 01:29:49]}
{[%emt 00:00:18]} 3. Nf3 {[%clk 01:31:31]} {[%emt 00:00:12]} Nc6 {[%clk
01:30:12]} {[%emt 00:00:07]} 4. e3 {[%clk 01:31:56]} {[%emt 00:00:05]} Bb4
{[%clk 01:29:51]} {[%emt 00:00:50]} 5. Qc2 {[%clk 01:32:14]} {[%emt 00:00:14]}
Bxc3 {[%clk 01:29:53]} {[%emt 00:00:28]} 6. Qxc3 {[%clk 01:24:22]} {[%emt
00:08:22]} Qe7 {[%clk 01:29:48]} {[%emt 00:00:35]} 7. d4 {[%clk 01:24:09]}
{[%emt 00:00:43]} Ne4 {[%clk 01:29:11]} {[%emt 00:01:06]} 8. Qd3 {[%clk
01:24:14]} {[%emt 00:00:25]} exd4 {[%clk 01:29:12]} {[%emt 00:00:29]} 9. Nxd4
{[%clk 01:24:38]} {[%emt 00:00:06]} O-O {[%clk 01:29:08]} {[%emt 00:00:34]} 10.
Be2 {[%clk 01:12:40]} {[%emt 00:12:28]} Nxd4 {[%clk 01:22:20]} {[%emt
00:07:17]} 11. Qxd4 {[%clk 01:10:09]} {[%emt 00:03:02]} b6 {[%clk 01:22:31]}
{[%emt 00:00:19]} 12. O-O {[%clk 01:10:04]} {[%emt 00:00:35]} Bb7 {[%clk
01:22:16]} {[%emt 00:00:45]} 13. f3 {[%clk 01:05:09]} {[%emt 00:05:26]} Nc5
{[%clk 01:22:02]} {[%emt 00:00:43]} 14. Qd2 {[%clk 00:54:44]} {[%emt 00:10:54]}
a5 {[%clk 01:09:23]} {[%emt 00:13:09]} 15. b3 {[%clk 00:50:59]} {[%emt
00:04:16]} f5 {[%clk 00:57:44]} {[%emt 00:12:09]} 16. Re1 {[%clk 00:49:29]}
{[%emt 00:02:01]} Rf6 {[%clk 00:50:24]} {[%emt 00:07:49]} 17. Bf1 {[%clk
00:42:49]} {[%emt 00:07:10]} Rh6 {[%clk 00:39:13]} {[%emt 00:11:41]} 18. Bb2
{[%clk 00:42:32]} {[%emt 00:00:47]} Re8 {[%clk 00:35:17]} {[%emt 00:04:26]} 19.
Qf2 {[%clk 00:41:03]} {[%emt 00:01:59]} Qd6 {[%clk 00:32:21]} {[%emt 00:03:26]}
20. h3 {[%clk 00:33:31]} {[%emt 00:08:02]} Qe7 {[%clk 00:32:40]} {[%emt
00:00:11]} 21. Rad1 {[%clk 00:32:44]} {[%emt 00:01:18]} d6 {[%clk 00:32:36]}
{[%emt 00:00:34]} 22. Kh2 {[%clk 00:23:14]} {[%emt 00:09:59]} Re6 {[%clk
00:30:23]} {[%emt 00:02:43]} 23. Qg3 {[%clk 00:20:11]} {[%emt 00:03:34]} Rg6
{[%clk 00:30:11]} {[%emt 00:00:43]} 24. Qf4 {[%clk 00:15:40]} {[%emt 00:05:01]}
Rf8 {[%clk 00:22:53]} {[%emt 00:07:47]} 25. Rd4 {[%clk 00:11:19]} {[%emt
00:04:51]} Ne4 {[%clk 00:12:21]} {[%emt 00:11:02]} 26. Kg1 {[%clk 00:05:35]}
{[%emt 00:06:14]} c5 {[%clk 00:10:56]} {[%emt 00:01:54]} 27. Rdd1 {[%clk
00:05:47]} {[%emt 00:00:18]} Ng3 {[%clk 00:11:09]} {[%emt 00:00:17]} 28. Kf2
{[%clk 00:05:01]} {[%emt 00:01:17]} Nh5 {[%clk 00:11:04]} {[%emt 00:00:34]} 29.
Qh2 {[%clk 00:05:23]} {[%emt 00:00:07]} Qh4+ {[%clk 00:08:38]} {[%emt
00:02:57]} 30. Ke2 {[%clk 00:05:52]} {[%emt 00:00:01]} Ng3+ {[%clk 00:08:07]}
{[%emt 00:01:01]} 31. Kd2 {[%clk 00:06:16]} {[%emt 00:00:06]} Re8 {[%clk
00:03:30]} {[%emt 00:05:07]} 32. Bd3 {[%clk 00:06:15]} {[%emt 00:00:31]} Rge6
{[%clk 00:03:26]} {[%emt 00:00:34]} 33. Qg1 {[%clk 00:06:06]} {[%emt 00:00:39]}
a4 {[%clk 00:02:17]} {[%emt 00:01:39]} 34. Kc2 {[%clk 00:06:06]} {[%emt
00:00:29]} Qg5 {[%clk 00:02:30]} {[%emt 00:00:18]} 35. Qf2 {[%clk 00:05:50]}
{[%emt 00:00:45]} h5 {[%clk 00:02:30]} {[%emt 00:00:30]} 36. Bc1 {[%clk
00:02:52]} {[%emt 00:03:28]} h4 {[%clk 00:02:28]} {[%emt 00:00:33]} 37. Bd2
{[%clk 00:02:44]} {[%emt 00:00:38]} Qe7 {[%clk 00:02:02]} {[%emt 00:00:56]} 38.
Rb1 {[%clk 00:02:17]} {[%emt 00:00:57]} Bc6 {[%clk 00:02:12]} {[%emt 00:00:20]}
39. b4 {[%clk 00:02:29]} {[%emt 00:00:19]} d5 {[%clk 00:01:57]} {[%emt
00:00:44]} 40. bxc5 {[%clk 00:02:28]} {[%emt 00:00:31]} dxc4 {[%clk 00:01:57]}
{[%emt 00:00:31]} 41. Bf1 {[%clk 00:02:12]} {[%emt 00:00:46]} b5 {[%clk
00:01:42]} {[%emt 00:00:44]} 42. a3 {[%clk 00:00:42]} {[%emt 00:02:02]} Qxc5
{[%clk 00:01:42]} {[%emt 00:00:29]} 43. Bb4 {[%clk 00:01:07]} {[%emt 00:00:05]}
Qa7 {[%clk 00:01:59]} {[%emt 00:00:13]} 44. Rbd1 {[%clk 00:00:33]} {[%emt
00:01:05]} f4 {[%clk 00:01:58]} {[%emt 00:00:30]} 45. Qd2 {[%clk 00:00:32]}
{[%emt 00:00:31]} fxe3 {[%clk 00:02:15]} {[%emt 00:00:13]} 0-1

[Event "Icelandic Team Championship 2021"]
[Site "Reykjavik"]
[Date "2021.10.03"]
[Round "5.19"]
[White "Ragnarsson, Dagur"]
[Black "Sulypa, Oleksandr"]
[Result "0-1"]
[WhiteElo "2376"]
[BlackElo "2455"]

1. d4 {[%emt 00:00:06]} d5 {[%clk 01:30:43]} {[%emt 00:00:14]} 2. c4 {[%clk
01:31:15]} {[%emt 00:00:13]} c6 {[%clk 01:30:59]} {[%emt 00:00:13]} 3. Nf3
{[%clk 01:30:33]} {[%emt 00:01:13]} Nf6 {[%clk 01:31:24]} {[%emt 00:00:06]} 4.
Qb3 {[%clk 01:30:18]} {[%emt 00:00:44]} dxc4 {[%clk 01:31:28]} {[%emt
00:00:27]} 5. Qxc4 {[%clk 01:30:43]} {[%emt 00:00:06]} Bf5 {[%emt 00:00:15]} 6.
g3 {[%emt 00:00:08]} e6 {[%clk 01:32:15]} 7. Bg2 {[%clk 01:31:26]} {[%emt
00:00:07]} Nbd7 {[%clk 01:32:32]} {[%emt 00:00:13]} 8. O-O {[%clk 01:30:41]}
{[%emt 00:01:15]} Be7 {[%clk 01:32:57]} {[%emt 00:00:03]} 9. Qb3 {[%clk
01:29:30]} {[%emt 00:01:40]} Qb6 {[%clk 01:25:05]} {[%emt 00:08:22]} 10. Nbd2
{[%emt 00:14:25]} a5 {[%clk 01:04:36]} {[%emt 00:06:52]} 11. Nc4 {[%clk
01:13:08]} {[%emt 00:17:04]} Qa6 {[%clk 01:03:53]} {[%emt 00:01:14]} 12. a4
{[%clk 01:13:33]} {[%emt 00:00:05]} Be4 {[%clk 01:01:02]} {[%emt 00:03:20]} 13.
Bf4 {[%clk 01:10:00]} {[%emt 00:04:03]} Bd5 {[%clk 00:57:02]} {[%emt 00:04:31]}
14. Nfd2 {[%clk 01:09:01]} {[%emt 00:01:29]} Bxg2 {[%clk 00:55:29]} {[%emt
00:02:03]} 15. Kxg2 {[%clk 01:09:26]} {[%emt 00:00:05]} O-O {[%clk 00:55:38]}
{[%emt 00:00:21]} 16. Rfc1 {[%clk 00:58:43]} {[%emt 00:11:13]} Nd5 {[%clk
00:49:07]} {[%emt 00:07:00]} 17. e4 {[%clk 00:58:25]} {[%emt 00:00:48]} Nxf4+
{[%clk 00:48:21]} {[%emt 00:01:17]} 18. gxf4 {[%clk 00:58:50]} {[%emt
00:00:05]} Bb4 {[%clk 00:46:11]} {[%emt 00:02:40]} 19. Nf1 {[%clk 00:55:38]}
{[%emt 00:03:41]} c5 {[%clk 00:36:53]} {[%emt 00:09:49]} 20. Rd1 {[%clk
00:51:50]} {[%emt 00:04:18]} cxd4 {[%clk 00:36:22]} {[%emt 00:01:01]} 21. Rxd4
{[%clk 00:52:13]} {[%emt 00:00:06]} Nc5 {[%clk 00:35:36]} {[%emt 00:01:16]} 22.
Qd1 {[%clk 00:50:45]} {[%emt 00:01:58]} e5 {[%clk 00:34:16]} {[%emt 00:01:51]}
23. fxe5 {[%clk 00:43:08]} {[%emt 00:08:07]} Ne6 {[%clk 00:34:40]} {[%emt
00:00:05]} 24. Nfe3 {[%clk 00:43:33]} {[%emt 00:00:05]} Nxd4 {[%clk 00:34:48]}
{[%emt 00:00:22]} 25. Qxd4 {[%clk 00:43:58]} {[%emt 00:00:05]} Rac8 {[%clk
00:28:01]} {[%emt 00:07:17]} 26. Rd1 {[%clk 00:35:04]} {[%emt 00:09:23]} Bc5
{[%clk 00:25:24]} {[%emt 00:03:07]} 27. Qd3 {[%clk 00:35:18]} {[%emt 00:00:16]}
Bxe3 {[%clk 00:19:34]} {[%emt 00:06:20]} 28. Nxe3 {[%clk 00:35:43]} {[%emt
00:00:05]} Qe6 {[%clk 00:17:24]} {[%emt 00:02:41]} 29. f4 {[%clk 00:26:21]}
{[%emt 00:09:51]} Kh8 {[%clk 00:13:57]} {[%emt 00:03:57]} 30. Nf5 {[%clk
00:23:14]} {[%emt 00:03:37]} f6 {[%clk 00:07:17]} {[%emt 00:07:11]} 31. Qd6
{[%clk 00:14:31]} {[%emt 00:09:13]} Rce8 {[%clk 00:05:54]} {[%emt 00:01:53]} 32.
Qxe6 {[%clk 00:05:30]} {[%emt 00:09:31]} Rxe6 {[%clk 00:06:22]} {[%emt
00:00:02]} 33. Nd6 {[%clk 00:05:42]} {[%emt 00:00:18]} fxe5 {[%clk 00:03:31]}
{[%emt 00:03:21]} 34. f5 {[%clk 00:06:06]} {[%emt 00:00:06]} Re7 {[%clk
00:03:54]} {[%emt 00:00:08]} 35. Rd5 {[%clk 00:05:36]} {[%emt 00:01:01]} Rd7
{[%clk 00:03:30]} {[%emt 00:00:53]} 36. Nc4 {[%clk 00:05:15]} {[%emt 00:00:50]}
Rxd5 {[%clk 00:03:56]} {[%emt 00:00:05]} 37. exd5 {[%clk 00:05:38]} {[%emt
00:00:07]} Kg8 {[%clk 00:03:16]} {[%emt 00:01:10]} 38. Kf3 {[%clk 00:04:11]}
{[%emt 00:01:56]} Rxf5+ {[%clk 00:03:18]} {[%emt 00:00:30]} 39. Ke3 {[%clk
00:04:24]} {[%emt 00:00:16]} Rf4 {[%clk 00:02:55]} {[%emt 00:00:53]} 40. b3
{[%clk 00:04:26]} {[%emt 00:00:28]} b6 {[%clk 00:01:55]} {[%emt 00:01:30]} 41.
d6 {[%clk 00:04:11]} {[%emt 00:00:44]} Rd4 {[%clk 00:01:58]} {[%emt 00:00:26]}
42. Nxb6 {[%clk 00:04:30]} {[%emt 00:00:11]} Rxd6 {[%clk 00:02:23]} {[%emt
00:00:05]} 43. Nc4 {[%clk 00:04:57]} {[%emt 00:00:04]} Rd5 {[%clk 00:01:26]}
{[%emt 00:01:26]} 44. Ke4 {[%clk 00:05:22]} {[%emt 00:00:05]} Rc5 {[%clk
00:01:47]} {[%emt 00:00:10]} 45. h4 {[%clk 00:03:52]} {[%emt 00:01:59]} g6
{[%clk 00:02:00]} {[%emt 00:00:17]} 46. h5 {[%clk 00:02:10]} {[%emt 00:02:11]}
gxh5 {[%clk 00:02:01]} {[%emt 00:00:29]} 47. Kf5 {[%clk 00:02:11]} {[%emt
00:00:29]} Kg7 {[%clk 00:02:11]} {[%emt 00:00:21]} 48. Kg5 {[%clk 00:02:22]}
{[%emt 00:00:18]} e4+ {[%clk 00:02:04]} {[%emt 00:00:37]} 49. Kf4 {[%clk
00:02:49]} {[%emt 00:00:03]} h4 {[%clk 00:02:09]} {[%emt 00:00:26]} 50. Kg4
{[%clk 00:02:56]} {[%emt 00:00:23]} Rxc4 {[%clk 00:01:32]} {[%emt 00:01:07]} 51.
bxc4 {[%clk 00:03:23]} {[%emt 00:00:02]} Kf6 {[%clk 00:01:17]} {[%emt
00:00:46]} 52. Kxh4 {[%clk 00:03:32]} {[%emt 00:00:21]} Ke5 {[%clk 00:01:41]}
{[%emt 00:00:06]} 53. Kg4 {[%clk 00:03:57]} {[%emt 00:00:04]} Kd4 {[%clk
00:01:28]} {[%emt 00:00:44]} 54. Kf4 {[%clk 00:04:23]} {[%emt 00:00:03]} e3
{[%clk 00:01:36]} {[%emt 00:00:22]} 0-1

[Event "Icelandic Team Championship 2021"]
[Site "Reykjavik"]
[Date "2021.10.03"]
[Round "5.20"]
[White "Johannesson, Ingvar Thor"]
[Black "Bjornsson, Sigurbjorn"]
[Result "1/2-1/2"]
[WhiteElo "2346"]
[BlackElo "2306"]

1. c4 {[%clk 01:30:54]} {[%emt 00:00:05]} e5 {[%clk 01:30:47]} {[%emt
00:00:15]} 2. g3 {[%clk 01:31:16]} {[%emt 00:00:08]} Nf6 {[%clk 01:31:08]}
{[%emt 00:00:09]} 3. Bg2 {[%clk 01:31:41]} {[%emt 00:00:04]} d5 {[%clk
01:31:20]} {[%emt 00:00:18]} 4. cxd5 {[%clk 01:32:01]} {[%emt 00:00:11]} Nxd5
{[%clk 01:31:45]} {[%emt 00:00:05]} 5. Nf3 {[%clk 01:31:57]} {[%emt 00:00:33]}
Nc6 {[%clk 01:32:04]} {[%emt 00:00:11]} 6. O-O {[%clk 01:32:05]} {[%emt
00:00:21]} Be7 {[%clk 01:32:10]} {[%emt 00:00:25]} 7. d4 {[%clk 01:32:04]}
{[%emt 00:00:31]} e4 {[%clk 01:29:20]} {[%emt 00:03:19]} 8. Ne5 {[%clk
01:32:18]} {[%emt 00:00:17]} f5 {[%clk 01:15:19]} {[%emt 00:14:31]} 9. Nxc6
{[%clk 01:27:27]} {[%emt 00:05:21]} bxc6 {[%clk 01:15:43]} {[%emt 00:00:05]} 10.
Nc3 {[%clk 01:25:04]} {[%emt 00:02:52]} O-O {[%clk 01:14:20]} {[%emt 00:01:53]}
1/2-1/2

[Event "Icelandic Team Championship 2021"]
[Site "Reykjavik"]
[Date "2021.10.03"]
[Round "5.21"]
[White "Heimisson, Hilmir Freyr"]
[Black "Viglundsson, Bjorgvin"]
[Result "1-0"]
[WhiteElo "2286"]
[BlackElo "2219"]

1. c4 {[%clk 01:29:06]} {[%emt 00:01:54]} e5 {[%clk 01:30:52]} {[%emt
00:00:08]} 2. g3 {[%clk 01:29:25]} {[%emt 00:00:10]} g6 {[%clk 01:31:01]}
{[%emt 00:00:22]} 3. Bg2 {[%clk 01:24:43]} {[%emt 00:05:12]} Bg7 {[%clk
01:31:08]} {[%emt 00:00:22]} 4. e3 {[%clk 01:15:20]} {[%emt 00:09:55]} Nc6
{[%clk 01:29:51]} {[%emt 00:01:46]} 5. Ne2 {[%clk 01:10:59]} {[%emt 00:04:51]}
Nge7 {[%clk 01:29:09]} {[%emt 00:01:10]} 6. Nbc3 {[%clk 01:10:50]} {[%emt
00:00:40]} O-O {[%clk 01:29:21]} {[%emt 00:00:18]} 7. d4 {[%clk 01:06:31]}
{[%emt 00:04:50]} exd4 {[%clk 01:28:29]} {[%emt 00:01:21]} 8. exd4 {[%clk
01:02:51]} {[%emt 00:04:10]} d6 {[%clk 01:26:59]} {[%emt 00:01:59]} 9. O-O
{[%clk 01:02:05]} {[%emt 00:01:17]} Nf5 {[%clk 01:25:45]} {[%emt 00:01:43]} 10.
d5 {[%clk 01:01:30]} {[%emt 00:01:07]} Ne5 {[%clk 01:25:12]} {[%emt 00:01:02]}
11. Bf4 {[%clk 00:56:58]} {[%emt 00:05:02]} Nxc4 {[%clk 01:22:05]} {[%emt
00:03:37]} 12. Qb3 {[%clk 00:55:16]} {[%emt 00:02:13]} Ne5 {[%clk 01:21:11]}
{[%emt 00:01:23]} 13. Ne4 {[%clk 00:54:21]} {[%emt 00:01:25]} h6 {[%clk
01:16:03]} {[%emt 00:05:37]} 14. Rfd1 {[%clk 00:53:51]} {[%emt 00:01:01]} Re8
{[%clk 01:14:19]} {[%emt 00:02:13]} 15. Rac1 {[%clk 00:52:38]} {[%emt
00:01:44]} Ng4 {[%clk 01:11:05]} {[%emt 00:03:43]} 16. f3 {[%clk 00:43:09]}
{[%emt 00:10:00]} Ne5 {[%clk 01:08:54]} {[%emt 00:02:42]} 17. Rc2 {[%clk
00:35:07]} {[%emt 00:08:31]} a6 {[%clk 01:03:03]} {[%emt 00:06:21]} 18. Kh1
{[%clk 00:29:04]} {[%emt 00:06:33]} g5 {[%clk 01:01:52]} {[%emt 00:01:41]} 19.
Bc1 {[%clk 00:27:19]} {[%emt 00:02:15]} b5 {[%clk 00:51:09]} {[%emt 00:11:12]}
20. h3 {[%clk 00:24:48]} {[%emt 00:03:02]} Nc4 {[%clk 00:48:33]} {[%emt
00:03:06]} 21. f4 {[%clk 00:23:26]} {[%emt 00:01:52]} gxf4 {[%clk 00:38:04]}
{[%emt 00:10:59]} 22. Bxf4 {[%clk 00:22:56]} {[%emt 00:01:00]} Re7 {[%clk
00:36:30]} {[%emt 00:02:03]} 23. g4 {[%clk 00:20:28]} {[%emt 00:02:59]} Nh4
{[%clk 00:36:33]} {[%emt 00:00:26]} 24. N2g3 {[%clk 00:20:40]} {[%emt
00:00:18]} Nxg2 {[%clk 00:35:09]} {[%emt 00:01:54]} 25. Rxg2 {[%clk 00:21:00]}
{[%emt 00:00:10]} Qe8 {[%clk 00:33:45]} {[%emt 00:01:53]} 26. Qf3 {[%clk
00:20:07]} {[%emt 00:01:24]} Ne5 {[%clk 00:33:04]} {[%emt 00:01:11]} 27. Qe3
{[%clk 00:18:52]} {[%emt 00:01:45]} Nc4 {[%clk 00:31:38]} {[%emt 00:01:56]} 28.
Qf3 {[%clk 00:18:56]} {[%emt 00:00:26]} Ne5 {[%clk 00:31:01]} {[%emt 00:01:07]}
29. Qe3 {[%clk 00:16:53]} {[%emt 00:02:33]} Nc4 {[%clk 00:30:55]} {[%emt
00:00:36]} 30. Qe2 {[%clk 00:17:20]} {[%emt 00:00:03]} Kh8 {[%clk 00:28:08]}
{[%emt 00:03:17]} 31. g5 {[%clk 00:16:26]} {[%emt 00:01:25]} Bxh3 {[%clk
00:21:36]} {[%emt 00:07:01]} 32. Rh2 {[%clk 00:15:29]} {[%emt 00:01:27]} Bf5
{[%clk 00:21:57]} {[%emt 00:00:09]} 33. Nxf5 {[%clk 00:08:57]} {[%emt
00:07:02]} Rxe4 {[%clk 00:22:24]} {[%emt 00:00:03]} 34. gxh6 {[%clk 00:08:27]}
{[%emt 00:01:00]} Bf6 {[%clk 00:21:23]} {[%emt 00:01:30]} 35. Qf2 {[%clk
00:06:22]} {[%emt 00:02:35]} Ne5 {[%clk 00:20:58]} {[%emt 00:00:55]} 36. Rg1
{[%clk 00:02:19]} {[%emt 00:04:34]} Ng6 {[%clk 00:18:53]} {[%emt 00:02:34]} 37.
Bd2 {[%clk 00:02:32]} {[%emt 00:00:19]} Be5 {[%clk 00:18:19]} {[%emt 00:01:04]}
38. Ng3 {[%clk 00:01:20]} {[%emt 00:01:43]} Rg4 {[%clk 00:16:26]} {[%emt
00:02:21]} 39. Qf5 {[%clk 00:00:47]} {[%emt 00:01:04]} Rxg3 {[%clk 00:15:45]}
{[%emt 00:01:11]} 40. Rxg3 {[%clk 00:01:05]} {[%emt 00:00:12]} Bxg3 {[%clk
00:15:59]} {[%emt 00:00:16]} 41. Qf6+ {[%clk 00:01:33]} {[%emt 00:00:03]} 1-0